Statystyki dla Największe miasta we Francji • A-Z

Kliknij tutaj aby rozwiązać quiz!

Ogólne statystyki

  • Ten quiz został rozwiązany 303 razy
  • Średni wynik to 8 z 22

Statystyki odpowiedzi

#~Pop.Francuskie miasto% Poprawnych
P2,220,000Paryż
98%
M858,000Marsylia
91%
L507,000Lyon
89%
B247,000Bordeaux
74%
N344,000Nicea
71%
T466,000Tuluza
68%
S276,000Strasburg
58%
R213,000Rennes
49%
D154,000Dijon
40%
G161,000Grenoble
30%
A151,000Angers
29%
O115,000Orléan
25%
H182 850Hawr
18%
W87,549Wersal
10%
C141,000Clermont-Ferrand
9%
Q57,000Quimper
6%
V149,000Villeurbanne
3%
F84,000Fort-de-France
1%
E55,000Epinay-sur-Seine
0%
I67,000Issy-les-Moulineaux
0%
J37 126Joué-les-Tours
0%
Y27,000Yerres
0%

Rozkład punktacji

Percentyl według liczby udzielonych odpowiedzi

Procent ludzi z każdym wynikiem

Twoja historia wyników

Nie rozwiązałeś tego quizu